Every place in Delaware - Statistics

General Stats
  • This quiz has been taken 17 times
  • The average score is 40 of 79
Answers on the Map
Answers color-coded by a green-red scale on the quiz's map according to % correct below.
 
Answer Stats
City Population % Correct
Wilmington 70,898
100%
Dover 39,403
91%
Bear 23,060
73%
Delaware City 1,885
73%
Newark 30,601
73%
New Castle 5,551
73%
Rehoboth Beach 1,108
73%
Bethany Beach 954
64%
Camden 3,715
64%
Delmar 2,027
64%
Dewey Beach 353
64%
Fenwick Island 343
64%
Harrington 3,774
64%
Lewes 3,303
64%
Middletown 23,192
64%
Milford 11,190
64%
Odessa 366
64%
Seaford 7,957
64%
Smyrna 12,883
64%
Bridgeville 2,568
55%
Claymont 9,895
55%
Dagsboro 870
55%
Frederica 1,073
55%
Georgetown 7,134
55%
Glasgow 15,288
55%
Greenwood 990
55%
Hockessin 13,478
55%
Laurel 3,865
55%
Long Neck 3,017
55%
Millsboro 6,863
55%
Millville 1,825
55%
Milton 3,291
55%
Newport 910
55%
North Star 8,056
55%
Ocean View 2,636
55%
Pike Creek 7,808
55%
Saint Georges 1,957
55%
Selbyville 2,878
55%
Slaughter Beach 218
55%
South Bethany 451
55%
Townsend 2,717
55%
Brookside 14,974
45%
Ellendale 487
45%
Elsmere 6,229
45%
Felton 1,316
45%
Frankford 790
45%
Henlopen Acres 139
45%
Houston 381
45%
Little Creek 195
45%
Magnolia 277
45%
Riverview 2,458
45%
Arden 430
36%
Ardencroft 226
36%
Bellefonte 1,225
36%
Bethel 239
36%
Blades 1,179
36%
Bowers 278
36%
Cheswold 1,923
36%
Clayton 3,961
36%
Dover Base Housing 2,810
36%
Edgemoor 6,635
36%
Farmington 92
36%
Greenville 3,104
36%
Hartly 73
36%
Highland Acres 3,492
36%
Kent Acres 2,144
36%
Kenton 215
36%
Leipsic 178
36%
Lincoln 894
36%
Port Penn 162
36%
Rising Sun-Lebanon 4,104
36%
Rodney Village 1,489
36%
Viola 140
36%
Wilmington Manor 8,162
36%
Woodside 190
36%
Wyoming 1,680
36%
Ardentown 255
27%
Pike Creek Valley 11,692
27%
Woodside East 2,570
27%
No matching quizzes found
Score Distribution
Percent of People with Each Score
Percentile by Number Answered
Your Score History
You have not taken this quiz